000 00313nam a2200133Ia 4500
008 150201s2010 xx 000 0 und d
082 _a610
_bE10C
100 _aCHUGH,SN
245 _aEMERGENCY MEDICINE
250 _a3RD
260 _bPEEPEE
_aDELHI
_c2010
650 _aMEDICINE AND DIAGNOSIS
942 _2ddc
_cBK
_033
999 _c600
_d600